1582 1919 1399 1863 1805 1567 1614 1988 1849 1012 1060 1779 1580 1557 1042 1926 1913 1663 1655 1864 1500 1592 1616 1824 1347 1847 1338 1551 1915 1718 1154 1582 1488 1379 1772 1602 1672 1384 1774 1752 1044 1529 1224 1300 1187 1096 1662 1408 1925 1294 1029 1968 1090 1990 1559 1985 1340 1986 1594 1705 1304 1122 1480 1117 1319 1100 1307 1050 1419 1261 1782 1580 1761 1687 1852 1136 1192 1122 1791 1077 1650 1458 1246 1354 1548 1642 1862 1452 1788 1978 1531 1795 1373 1397 1155 1272 1653 1762 1238 BCNSPRNW ULIB Ver.6.0+V

เปลี่ยนเป็นภาษาไทย

Change to English
 แสดงรายละเอียดบรรณานุกรม
  กลับหน้าหลัก

Brief Record : Get Marc (ISO 2709) : E-mail record : QR code < ปิดหน้าต่าง
LEADER : 00000nam 2200000uu 4500
001    13399127111
003     ULIB
008    191010s2561||||th 000 0 tha d
020    ^a9786160442294
060    ^aWS103^bม-ห
100    ^aแม่เฟิร์น
245    ^aหมาน้อยตัวใหม่ของผม (MY LOVELY NEW PET) ชุดความรู้แสนสนุก ไทย-อังกฤษ กับแม่เฟิร์น
250    ^aพิมพ์ครั้งที่ 1
260    ^aกรุงเทพฯ :^bนานมีบุ๊คส์คิดดี้,^c2561
300    ^a36 หน้า;^b21 ซม.
650    ^aเด็ก^xการเรียนการสอน
945    ^p115^l0^i006299
999    ^aประนอม เกษจรัล
รายการนี้ยังไม่มีแท็ก
คุณยังไม่ได้ล็อกอิน คุณสามารถมีกิจกรรมร่วมกับเว็บไซต์ได้ แต่ต้องล็อกอินก่อน ::
  ล็อกอิน

รายการสื่อสารสนเทศ

ลำดับที่ ประเภท เลขเรียก/บาร์โค้ด สถานที่ สถานะ
1. วิทยาศาสตร์การแพทย์ และสุขภาพ
วิทยาศาสตร์การแพทย์ และสุขภาพ
WS103 ม-ห ฉ.1 
  Barcode: 006299
ห้องสมุดวิทยาเขตสวรรค์ประชารักษ์
►หนังสือทั่วไป
บนชั้น

BibComment


ยังไม่เคยถูกคอมเมนท์

คอมเมนท์ทรัพยากรรายการนี้
  คอมเมนท์: หมาน้อยตัวใหม่ขอ..


 Copyright 2026. Bcnsprnw @Library